Online
Catalog

Ricardo Wagner : (Record no. 23311)

MARC details
000 -CABECERA
campo de control de longitud fija 00542nam a2200169 a 4500
001 - NÚMERO DE CONTROL
campo de control 000023815
005 - FECHA Y HORA DE LA ÚLTIMA TRANSACCIÓN
campo de control 20200930022503.0
008 - DATOS DE LONGITUD FIJA--INFORMACIÓN GENERAL
campo de control de longitud fija 110113s1983 gw a 001 0 spa d
040 ## - FUENTE DE LA CATALOGACIÓN
Centro catalogador/agencia de origen DO-SdBNP
Lengua de catalogación spa
Centro/agencia transcriptor BNPHU
082 ## - NÚMERO DE LA CLASIFICACIÓN DECIMAL DEWEY
Número de clasificación nn*
Número de documento/Ítem nn*
049 ## - FONDOS LOCALES (OCLC)
Fondos de biblioteca BNGR
245 00 - MENCIÓN DE TÍTULO
Título Ricardo Wagner :
Resto del título vida y obra en fechas e imágenes /
Mención de responsabilidad, etc. Edición Dietrich Mack y Egon Voss.
260 ## - PUBLICACIÓN, DISTRIBUCIÓN, ETC.
Lugar de publicación, distribución, etc. Germany :
Nombre del editor, distribuidor, etc. Saarbrücker Druckerei und Verlag,
Fecha de publicación, distribución, etc. 1983.
300 ## - DESCRIPCIÓN FÍSICA
Extensión 127 p. :
Otras características físicas il. ;
Dimensiones 17 cm.
700 1# - PUNTO DE ACCESO ADICIONAL--NOMBRE DE PERSONA
Nombre de persona Mack, Dietrich,
Término indicativo de función/relación ed.
9 (RLIN) 49023
700 1# - PUNTO DE ACCESO ADICIONAL--NOMBRE DE PERSONA
Nombre de persona Voss, Egon,
Término indicativo de función/relación ed.
9 (RLIN) 49024
Holdings
Estado de retiro Estado de pérdida Restricciones de uso No para préstamo Código de colección Localización permanente Ubicación/localización actual Ubicación en estantería Fecha de adquisición Número de inventario Total de préstamos Signatura topográfica completa Código de barras Fecha visto por última vez Precio válido a partir de Tipo de ítem Koha Número de copia
        Monografías: Libros y Folletos General General En catalogación 13.01.2011 LF1   nn* nn* 23815-10 25.06.2020 25.06.2020 Préstamo en sala  
      Préstamo restrigido Monografías: Libros y Folletos General General En catalogación 13.01.2011 LF1   nn* nn* 23815-20 25.06.2020 25.06.2020 Préstamo en sala e. 2
        Monografías: Libros y Folletos General General En catalogación 13.01.2011 LF1   nn* nn* 23815-30 25.06.2020 25.06.2020 Préstamo en sala e. 3

Powered by Koha